| 000 | 00999nam a22003137a 4500 | ||
|---|---|---|---|
| 003 | CHAP | ||
| 005 | 20220329134413.0 | ||
| 008 | 971013s1938 r 00010 d | ||
| 010 | _a20017 | ||
| 011 | _a20989 | ||
| 035 | _a25078 | ||
| 040 | _cCHAP | ||
| 082 |
_a582.16 _bA58 |
||
| 100 | 0 | 0 |
_aAntevs, Ernst. _96027 |
| 245 | _aRainfall and tree growth in the Great Basin | ||
| 260 |
_aNew York : _bAmerican Geographical Society of New York, _c1938 |
||
| 300 |
_a97 p. _b; mapas |
||
| 490 |
_aSpecial publication _v; 21 |
||
| 590 |
_aBATCH-UPD _b10 _c20130110 _lUCH01 _h1120 |
||
| 590 |
_aBATCH-UPD _b10 _c20130410 _lUCH01 _h0710 |
||
| 590 |
_aBATCH-UPD _b10 _c20130914 _lUCH01 _h1728 |
||
| 590 |
_aCONVERSION _b10 _c20130109 _lUCH01 _h1312 |
||
| 650 | 1 | 4 |
_aÁrboles _xCrecimiento. _96583 |
| 650 | 1 | 4 |
_aLluvia _xEfecto en vegetación. _967323 |
| 830 | 0 |
_aSpecial publication _v; 21 _9109152 |
|
| 901 | _aBK | ||
| 942 | _cLIBRO | ||
| 949 |
_a582.16 A58 _bBC _cLIBRO _d33724000453080 _eLIBRO _h6494 _i25078 _mD _si |
||
| 999 |
_c20017 _d20017 |
||